Competidores FMS Argentina Temporada 2 - Estadísticas

Estadísticas generales
  • Esta prueba ha sido intentada 201 veces
  • La puntuación promedio es 9 de 10
Estadísticas de respuestas
Hint Respuesta % Correcto
. Trueno
99%
. Papo
97%
. Dtoke
95%
. Replik
95%
. Mks
93%
. Stuart
93%
. Cacha
92%
. Klan
92%
. Sub
87%
. Nacho
85%
No se encontraron pruebas coincidentes
Distribución de puntuación
Porcentaje de gente con cada puntuación
Porcentaje por número respondido
Historial de tus puntuaciones
No has intentado esta prueba.